| 000 | 00620nam a2200241Ia 4500 | ||
|---|---|---|---|
| 005 | 20260430150440.0 | ||
| 008 | 008 250103s9999 xx 000 0 eng d | ||
| 037 | _aTheses | ||
| 040 | _aCRL | ||
| 040 | _beng | ||
| 040 | _ceng | ||
| 041 | _2eng | ||
| 041 | _aeng | ||
| 084 | _qCRL | ||
| 100 |
_aJatin Mohan Au.; Singh Rajpal Gu. _91237533 |
||
| 245 | 0 | _aCourse of Musical Sounds: A Study and Investigation | |
| 260 | _c2023 | ||
| 300 | _a232p. | ||
| 650 | _aMusic | ||
| 700 |
_aUniversity of Delhi. Faculty of Music and Fine Arts. Deptt. of Music _91237509 |
||
| 942 | _cTH | ||
| 999 |
_c1849804 _d1849804 |
||